Most ___ Things - Statistics

General Stats
  • This quiz has been taken 17 times
  • The average score is 8 of 20
Answer Stats
Hint Answer % Correct
Most liked sport Football
93%
Most common letter in English E
80%
Most spoken language English
73%
Most populous country India
73%
Most read book Bible
67%
Most common blood group O
67%
Most hated zodiac sign Scorpio
53%
Most said word The
53%
Most eaten food Rice
47%
Most followed person Cristiano Ronaldo
40%
Most liked video on YouTube Despacito
40%
Most hated person Vladimir Putin
40%
Most iconic fictional character Superman
33%
Most watched film Titanic
27%
Most popular anime Dragon Ball
20%
Most popular celebrity Barack Obama
13%
Most common birthday September 9
13%
Most liked YouTube comment i'm the bald guy
7%
Most downloaded game PUBG: Battlegrounds
0%
Most strongest man Zydrunas Savickas
0%
No matching quizzes found
Score Distribution
Percent of People with Each Score
Percentile by Number Answered
Your Score History
You have not taken this quiz